[Event "Titled Tuesday intern op 28th May Early"]
[Site "Chess.com INT"]
[Date "2024.05.28"]
[Round "6"]
[White "Bruedigam, Martin"]
[Black "Harsh, Suresh"]
[Result "0-1"]
[WhiteElo "2380"]
[BlackElo "2414"]
[PlyCount "38"]
[EventDate "2024.05.28"]
[EventType "swiss (blitz)"]
[EventRounds "11"]
[EventCountry "USA"]
[SourceTitle "EXT 2025"]
[Source "ChessBase"]
[SourceDate "2024.10.14"]
[SourceVersion "1"]
[SourceVersionDate "2024.10.14"]
[SourceQuality "1"]

1. e4 a6 2. Bc4 e6 3. a4 d5 4. exd5 exd5 5. Bb3 Nf6 6. Nf3 Qe7+ 7. Kf1 g6 8. d4 Bg7 9. h3 0-0 10. Bf4 Nc6 11. c3 Na5 12. Bc2 Nc4 13. b3 Nd6 14. Nbd2 Nde4 15. Qe2 Re8 16. Re1 Bf5 17. Nxe4 dxe4 18. Ne5 Nd5 19. Qc4 Nxf4 0-1

[Event "Titled Tuesday intern op 28th May Early"]
[Site "Chess.com INT"]
[Date "2024.05.28"]
[Round "4"]
[White "Bruedigam, Martin"]
[Black "Kravtsiv, Martyn"]
[Result "0-1"]
[WhiteElo "2380"]
[BlackElo "2598"]
[PlyCount "106"]
[EventDate "2024.05.28"]
[EventType "swiss (blitz)"]
[EventRounds "11"]
[EventCountry "USA"]
[SourceTitle "EXT 2025"]
[Source "ChessBase"]
[SourceDate "2024.10.14"]
[SourceVersion "1"]
[SourceVersionDate "2024.10.14"]
[SourceQuality "1"]

1. e4 c6 2. d4 d5 3. e5 Bf5 4. h4 h5 5. Bd3 Bxd3 6. Qxd3 e6 7. Ne2 Qa5+ 8. Nd2 Nh6 9. 0-0 Nf5 10. Nf3 Qa6 11. Qd1 Nd7 12. Ng3 g6 13. Bg5 Bg7 14. b3 0-0 15. Nxf5 exf5 16. Ne1 c5 17. c3 Rac8 18. f4 cxd4 19. cxd4 Rc3 20. Rf3 Rfc8 21. Be7 Bf8 22. Bxf8 Nxf8 23. Rxc3 Rxc3 24. Qd2 Qc6 25. Nd3 Rc2 26. Qe1 Qb5 27. Nc5 b6 28. Qd1 Qe2 29. Qxe2 Rxe2 30. Na6 Ne6 31. g3 Nxd4 32. Nb4 Nf3+ 33. Kf1 Rh2 34. Rd1 d4 35. Nc6 Nd2+ 36. Kg1 Nf3+ 37. Kf1 Rxa2 38. Nxd4 Nxd4 39. Rxd4 Kf8 40. Rd7 Ra3 41. Rb7 Rxb3 42. Rxa7 Rxg3 43. Kf2 Rg4 44. Ke3 Rxh4 45. Ra8+ Ke7 46. Ra7+ Ke6 47. Rc7 Rh3+ 48. Kd4 Rf3 49. Rc6+ Ke7 50. Rxb6 Rxf4+ 51. Kd5 Re4 52. Rb7+ Kf8 53. Kd6 Kg7 0-1

[Event "Titled Tuesday intern op 28th May Early"]
[Site "Chess.com INT"]
[Date "2024.05.28"]
[Round "3"]
[White "Poddubnyi, Viktor"]
[Black "Bruedigam, Martin"]
[Result "0-1"]
[WhiteElo "2304"]
[BlackElo "2380"]
[PlyCount "60"]
[EventDate "2024.05.28"]
[EventType "swiss (blitz)"]
[EventRounds "11"]
[EventCountry "USA"]
[SourceTitle "EXT 2025"]
[Source "ChessBase"]
[SourceDate "2024.10.14"]
[SourceVersion "1"]
[SourceVersionDate "2024.10.14"]
[SourceQuality "1"]

1. e4 c5 2. Nf3 e6 3. c3 d5 4. exd5 exd5 5. d4 Nc6 6. Bb5 Nf6 7. 0-0 Be7 8. dxc5 Bxc5 9. Bg5 Be6 10. Nd4 0-0 11. Bxc6 bxc6 12. Nxc6 Qd6 13. Bxf6 Qxc6 14. Bd4 Rab8 15. b3 Rfc8 16. Nd2 a5 17. Nf3 Ba3 18. Qd2 f6 19. Rfe1 Bg4 20. Qf4 Bh5 21. Re3 a4 22. b4 Re8 23. Rae1 Rbc8 24. Nh4 Rxe3 25. Qxe3 Bg6 26. Nxg6 hxg6 27. g3 Bb2 28. Rb1 a3 29. h4 Qc4 30. Qe6+ Kh7 0-1

[Event "Titled Tuesday intern op 07th May Late"]
[Site "Chess.com INT"]
[Date "2024.05.07"]
[Round "3"]
[White "Bruedigam, Martin"]
[Black "Van Leent, Dmitri"]
[Result "1-0"]
[WhiteElo "2384"]
[BlackElo "2169"]
[PlyCount "69"]
[EventDate "2024.05.07"]
[EventType "swiss (blitz)"]
[EventRounds "11"]
[EventCountry "USA"]
[SourceTitle "EXT 2025"]
[Source "ChessBase"]
[SourceDate "2024.10.14"]
[SourceVersion "1"]
[SourceVersionDate "2024.10.14"]
[SourceQuality "1"]

1. e4 d5 2. exd5 Nf6 3. d4 Bg4 4. Be2 Bxe2 5. Qxe2 Qxd5 6. Nf3 Nc6 7. c3 0-0-0 8. 0-0 e6 9. Bf4 h6 10. Nbd2 g5 11. Be5 Nxe5 12. Nxe5 Rh7 13. b4 Nd7 14. Nxd7 Rxd7 15. a4 Bd6 16. Nc4 h5 17. b5 g4 18. a5 h4 19. b6 a6 20. bxc7 Bxc7 21. Ne3 Qd6 22. Nxg4 f5 23. Ne5 Rdg7 24. f3 Rg8 25. Rf2 Rhg7 26. h3 Qd5 27. Rd1 Rd8 28. c4 Qxa5 29. c5 Qc3 30. c6 Rxd4 31. cxb7+ Kxb7 32. Qb2+ Qxb2 33. Rxb2+ Ka8 34. Rxd4 Bxe5 35. Rd8+ 1-0

[Event "Titled Tuesday intern op 07th May Late"]
[Site "Chess.com INT"]
[Date "2024.05.07"]
[Round "6"]
[White "Jarocka, Liwia"]
[Black "Bruedigam, Martin"]
[Result "0-1"]
[WhiteElo "2234"]
[BlackElo "2384"]
[PlyCount "80"]
[EventDate "2024.05.07"]
[EventType "swiss (blitz)"]
[EventRounds "11"]
[EventCountry "USA"]
[SourceTitle "EXT 2025"]
[Source "ChessBase"]
[SourceDate "2024.10.14"]
[SourceVersion "1"]
[SourceVersionDate "2024.10.14"]
[SourceQuality "1"]

1. e4 c5 2. Nf3 e6 3. d4 cxd4 4. Nxd4 a6 5. Nc3 b5 6. Be2 Bb7 7. a3 Qc7 8. 0-0 Nf6 9. Bf3 Nc6 10. Re1 Nxd4 11. Qxd4 Bc5 12. Qd3 e5 13. Bg5 d6 14. Bxf6 gxf6 15. b4 Bd4 16. Ne2 Bxa1 17. Rxa1 Bc8 18. Rd1 Be6 19. Qe3 h6 20. c3 Ke7 21. h3 h5 22. Ng3 h4 23. Ne2 Rhg8 24. Kh2 Rg5 25. Nc1 Rc8 26. Rd3 Bc4 27. Rd2 Be6 28. Rd3 Rb8 29. Rd2 Qb6 30. Qe2 Rc8 31. Qd3 Rc6 32. Bg4 Bxg4 33. hxg4 Rxg4 34. Nb3 Rc8 35. f3 Rg3 36. Na5 Rcg8 37. c4 h3 38. c5 Rxg2+ 39. Kxh3 Rxd2 40. Qxd2 dxc5 0-1

[Event "Titled Tuesday intern op 30th Apr Late"]
[Site "Chess.com INT"]
[Date "2024.04.30"]
[Round "7"]
[White "Bruedigam, Martin"]
[Black "Romero Ruscalleda, Josep"]
[Result "1-0"]
[WhiteElo "2372"]
[BlackElo "2153"]
[PlyCount "79"]
[EventDate "2024.04.30"]
[EventType "swiss (blitz)"]
[EventRounds "11"]
[EventCountry "USA"]
[SourceTitle "EXT 2025"]
[Source "ChessBase"]
[SourceDate "2024.10.14"]
[SourceVersion "1"]
[SourceVersionDate "2024.10.14"]
[SourceQuality "1"]

1. e4 g6 2. d4 Bg7 3. f4 d6 4. Nf3 a6 5. a4 Bg4 6. Be3 Nc6 7. c3 Nf6 8. Nbd2 0-0 9. h3 Bd7 10. Bc4 e6 11. Ba2 Re8 12. 0-0 Nh5 13. f5 exf5 14. Ng5 d5 15. Bxd5 Be6 16. Nxe6 fxe6 17. Ba2 Kh8 18. Qf3 Qh4 19. Rae1 Rad8 20. Qf2 Qxf2+ 21. Rxf2 Bf6 22. Rf3 Bh4 23. Rd1 b5 24. axb5 axb5 25. e5 b4 26. Bc4 Na5 27. Bb5 c6 28. Ba4 Rb8 29. g4 Ng7 30. Bh6 bxc3 31. bxc3 Be7 32. Rb1 Rxb1+ 33. Nxb1 Rb8 34. Rf1 Rb2 35. Nd2 Bh4 36. Nf3 Bg3 37. Ra1 Nc4 38. Bxc6 f4 39. Ra8+ Ne8 40. Rxe8# 1-0

[Event "Titled Tuesday intern op 30th Apr Late"]
[Site "Chess.com INT"]
[Date "2024.04.30"]
[Round "4"]
[White "Bruedigam, Martin"]
[Black "Weishaeutel, Moritz"]
[Result "0-1"]
[WhiteElo "2372"]
[BlackElo "2379"]
[PlyCount "84"]
[EventDate "2024.04.30"]
[EventType "swiss (blitz)"]
[EventRounds "11"]
[EventCountry "USA"]
[SourceTitle "EXT 2025"]
[Source "ChessBase"]
[SourceDate "2024.10.14"]
[SourceVersion "1"]
[SourceVersionDate "2024.10.14"]
[SourceQuality "1"]

1. e4 d5 2. exd5 Qxd5 3. Nc3 Qa5 4. d4 Nf6 5. Nf3 Bf5 6. Bc4 e6 7. 0-0 Bb4 8. Ne2 0-0 9. Ng3 Bg6 10. Ne5 Bd6 11. Nxg6 hxg6 12. c3 c5 13. dxc5 Qxc5 14. Be2 Qc7 15. Re1 Nc6 16. Nf1 Rad8 17. Qc2 Nd4 18. Qa4 Nxe2+ 19. Rxe2 a6 20. Bg5 Be7 21. Rd1 Rxd1 22. Qxd1 Qa5 23. Bxf6 Bxf6 24. Qb1 Qb5 25. Rd2 Bxc3 26. Rc2 Bf6 27. b3 Rd8 28. Rd2 Rc8 29. Rc2 Rc5 30. Qc1 Rxc2 31. Qxc2 Qd7 32. g3 Bd4 33. Nd2 Qd5 34. Ne4 Kh7 35. h4 f6 36. Nd2 Qf5 37. Ne4 Bxf2+ 38. Qxf2 Qxe4 39. Kh2 Qd5 40. b4 g5 41. h5 g4 42. Qc2+ Qf5 0-1

[Event "Titled Tuesday intern op 30th Apr Late"]
[Site "Chess.com INT"]
[Date "2024.04.30"]
[Round "6"]
[White "Gauri, Shankar"]
[Black "Bruedigam, Martin"]
[Result "1-0"]
[WhiteElo "2345"]
[BlackElo "2372"]
[PlyCount "37"]
[EventDate "2024.04.30"]
[EventType "swiss (blitz)"]
[EventRounds "11"]
[EventCountry "USA"]
[SourceTitle "EXT 2025"]
[Source "ChessBase"]
[SourceDate "2024.10.14"]
[SourceVersion "1"]
[SourceVersionDate "2024.10.14"]
[SourceQuality "1"]

1. d4 f5 2. g3 e6 3. Bg2 Nf6 4. c4 d5 5. Nh3 c6 6. 0-0 Bd6 7. Bf4 Be7 8. Be5 0-0 9. Nf4 Ng4 10. Bxb8 Rxb8 11. Qc2 Bd6 12. e3 Bd7 13. Nd2 Kh8 14. Nf3 g5 15. Nd3 f4 16. exf4 gxf4 17. Rae1 Qf6 18. h3 dxc4 19. Nde5 1-0

[Event "Titled Tuesday intern op 30th Apr Late"]
[Site "Chess.com INT"]
[Date "2024.04.30"]
[Round "5"]
[White "Giang, Tran Nam"]
[Black "Bruedigam, Martin"]
[Result "0-1"]
[WhiteElo "2155"]
[BlackElo "2372"]
[PlyCount "102"]
[EventDate "2024.04.30"]
[EventType "swiss (blitz)"]
[EventRounds "11"]
[EventCountry "USA"]
[SourceTitle "EXT 2025"]
[Source "ChessBase"]
[SourceDate "2024.10.14"]
[SourceVersion "1"]
[SourceVersionDate "2024.10.14"]
[SourceQuality "1"]

1. e4 c5 2. Nf3 e6 3. d4 cxd4 4. Nxd4 Nc6 5. Nc3 Qc7 6. Be2 Nf6 7. 0-0 a6 8. Be3 b5 9. f4 b4 10. Na4 Bb7 11. Bf3 Nxd4 12. Qxd4 Bc6 13. Nb6 Rd8 14. e5 Ng8 15. Bxc6 Qxc6 16. Nc4 Nh6 17. Nd6+ Bxd6 18. exd6 Nf5 19. Qb6 Nxe3 20. Qxe3 Qxd6 21. Rad1 Qe7 22. f5 Rc8 23. Qg3 f6 24. Qd3 Rc6 25. Kh1 0-0 26. Qxd7 Qxd7 27. Rxd7 exf5 28. Rd2 Rfc8 29. Rff2 g6 30. Kg1 h5 31. Kf1 Kg7 32. Ke1 h4 33. Kd1 a5 34. Rd7+ Kh6 35. Rd5 Rc5 36. Rd6 R8c6 37. Rd8 Re5 38. b3 Rce6 39. Kc1 Re1+ 40. Kb2 R1e2 41. Rf4 Kg5 42. g3 hxg3 43. hxg3 Rg2 44. Rc4 Rxg3 45. Rc5 Re5 46. Rc7 f4 47. Rg8 f3 48. Rcg7 Kf5 49. Rf8 g5 50. Rgf7 Re6 51. Rd7 f2 0-1

[Event "Titled Tuesday intern op 30th Apr Early"]
[Site "Chess.com INT"]
[Date "2024.04.30"]
[Round "8"]
[White "Korchmar, Vasiliy"]
[Black "Bruedigam, Martin"]
[Result "0-1"]
[WhiteElo "2424"]
[BlackElo "2372"]
[PlyCount "82"]
[EventDate "2024.04.30"]
[EventType "swiss (blitz)"]
[EventRounds "11"]
[EventCountry "USA"]
[SourceTitle "CBM 220 Extra"]
[Source "ChessBase"]
[SourceDate "2024.07.31"]
[SourceVersion "1"]
[SourceVersionDate "2024.07.31"]
[SourceQuality "1"]

1. d4 f5 2. c4 e6 3. Nc3 Nf6 4. Nf3 Be7 5. Bf4 0-0 6. e3 d6 7. h3 Bd7 8. Bh2 Be8 9. Be2 h6 10. 0-0 Nbd7 11. Qb3 Rb8 12. c5 Bf7 13. cxd6 cxd6 14. Qa3 Qb6 15. Na4 Qa5 16. Rfc1 Rfc8 17. b3 b5 18. Bxd6 Bxd6 19. Qxd6 bxa4 20. Bc4 Qb6 21. Qg3 Ne4 22. Qf4 Qd6 23. Ne5 Nxe5 24. dxe5 Qe7 25. f3 axb3 26. axb3 Nd2 27. Be2 Nxb3 28. Rxc8+ Rxc8 29. Rb1 Nc5 30. Qb4 Rc7 31. Qb8+ Kh7 32. Rc1 Na6 33. Rxc7 Qxc7 34. Qb1 Nc5 35. g4 Qxe5 36. gxf5 exf5 37. Kf2 Be6 38. h4 h5 39. Qc2 Nd7 40. Bd3 Nf6 41. f4 Ng4+ 0-1

[Event "Titled Tuesday intern op 30th Apr Early"]
[Site "Chess.com INT"]
[Date "2024.04.30"]
[Round "2"]
[White "Nunez Hirales, Juan Alejandro"]
[Black "Bruedigam, Martin"]
[Result "0-1"]
[WhiteElo "1955"]
[BlackElo "2372"]
[PlyCount "128"]
[EventDate "2024.04.30"]
[EventType "swiss (blitz)"]
[EventRounds "11"]
[EventCountry "USA"]
[SourceTitle "CBM 220 Extra"]
[Source "ChessBase"]
[SourceDate "2024.07.31"]
[SourceVersion "1"]
[SourceVersionDate "2024.07.31"]
[SourceQuality "1"]

1. d4 f5 2. Nc3 Nf6 3. e4 fxe4 4. f3 exf3 5. Nxf3 g6 6. Bg5 Bg7 7. Bc4 c6 8. 0-0 d5 9. Bd3 0-0 10. Qd2 Be6 11. Rae1 Bf7 12. Bh6 Nbd7 13. Bxg7 Kxg7 14. Ng5 Bg8 15. Ne6+ Bxe6 16. Rxe6 Rf7 17. Ne2 Qb6 18. c3 Raf8 19. Nf4 Re8 20. Rfe1 Nf8 21. R6e2 Qc7 22. g3 Kg8 23. Nh3 a5 24. Qh6 Rg7 25. Ng5 Nh5 26. Kg2 a4 27. a3 b5 28. Rf2 Qd7 29. Ref1 Nf6 30. Be2 Ne6 31. Nxe6 Qxe6 32. Qd2 Rf7 33. Re1 Ref8 34. Bd3 Qd7 35. Rfe2 Ng4 36. h3 Rf2+ 37. Kg1 Rxe2 38. Rxe2 Nf6 39. Rf2 Rf7 40. Qg5 Kg7 41. Qf4 Qxh3 42. Bf1 Qe6 43. Re2 Ne4 44. Qe5+ Qxe5 45. dxe5 e6 46. Kg2 Nc5 47. Rd2 h6 48. Be2 Rf5 49. Rd4 Rxe5 50. c4 g5 51. cxb5 Rxe2+ 52. Kf3 Rxb2 53. bxc6 Rb8 54. Rxa4 Rc8 55. Ra7+ Kf6 56. c7 Ne4 57. a4 h5 58. a5 Nd6 59. Ra6 Nb5 60. Rb6 Nxc7 61. Rb7 Na6 62. Rb6 Nc5 63. a6 Ra8 64. Rc6 Nxa6 0-1

[Event "Titled Tuesday intern op 23rd Apr Early"]
[Site "Chess.com INT"]
[Date "2024.04.23"]
[Round "1"]
[White "Bruedigam, Martin"]
[Black "Kukhmazov, Arsen"]
[Result "1-0"]
[WhiteElo "2372"]
[BlackElo "2504"]
[PlyCount "49"]
[EventDate "2024.04.23"]
[EventType "swiss (blitz)"]
[EventRounds "11"]
[EventCountry "USA"]
[SourceTitle "EXT 2025"]
[Source "ChessBase"]
[SourceDate "2024.10.14"]
[SourceVersion "1"]
[SourceVersionDate "2024.10.14"]
[SourceQuality "1"]

1. e4 e5 2. Nf3 Nc6 3. Bc4 Bc5 4. b4 Bxb4 5. c3 Ba5 6. d4 d6 7. Qb3 Nxd4 8. Nxd4 exd4 9. Bxf7+ Kf8 10. Bxg8 Rxg8 11. 0-0 dxc3 12. Nxc3 Bxc3 13. Qxc3 Be6 14. Ba3 Ke8 15. f4 Bf7 16. e5 Kd7 17. exd6 cxd6 18. Bxd6 Qb6+ 19. Bc5 Qc6 20. Rad1+ Kc8 21. Rd6 Qc7 22. Qh3+ Kb8 23. Rc1 b6 24. Ba3 Qb7 25. Rd7 1-0

[Event "Titled Tuesday intern op 23rd Apr Early"]
[Site "Chess.com INT"]
[Date "2024.04.23"]
[Round "6"]
[White "Kozlov, Denis1"]
[Black "Bruedigam, Martin"]
[Result "1-0"]
[WhiteElo "2093"]
[BlackElo "2372"]
[PlyCount "49"]
[EventDate "2024.04.23"]
[EventType "swiss (blitz)"]
[EventRounds "11"]
[EventCountry "USA"]
[SourceTitle "EXT 2025"]
[Source "ChessBase"]
[SourceDate "2024.10.14"]
[SourceVersion "1"]
[SourceVersionDate "2024.10.14"]
[SourceQuality "1"]

1. d4 Nf6 2. c4 g6 3. Nf3 Bg7 4. g3 0-0 5. Bg2 d5 6. cxd5 Nxd5 7. 0-0 Nb6 8. Nc3 Nc6 9. e3 e5 10. dxe5 Nxe5 11. Nxe5 Bxe5 12. Qe2 c6 13. e4 Be6 14. Rd1 Qe7 15. Bh6 Rfe8 16. f4 Qc5+ 17. Kh1 Bc4 18. Qf3 Bd4 19. e5 Bxc3 20. Qxc3 Qe7 21. Bg5 Qe6 22. Rd6 Qc8 23. e6 Bxe6 24. Bh6 f6 25. Qxf6 1-0

[Event "Oberliga Nord O 2324"]
[Site "Germany"]
[Date "2024.03.17"]
[Round "7.1"]
[White "Aliavdin, Nikolai"]
[Black "Bruedigam, Martin"]
[Result "1/2-1/2"]
[WhiteElo "2322"]
[BlackElo "2372"]
[PlyCount "84"]
[EventDate "2023.10.22"]
[EventType "team-tourn"]
[EventRounds "9"]
[EventCountry "GER"]
[SourceTitle "EXT 2025"]
[Source "ChessBase"]
[SourceDate "2024.10.14"]
[SourceVersion "1"]
[SourceVersionDate "2024.10.14"]
[SourceQuality "1"]
[WhiteTeam "Forst"]
[BlackTeam "Koenig Tegel"]
[WhiteTeamCountry "GER"]
[BlackTeamCountry "GER"]

1. e4 c6 2. d4 d5 3. Nc3 dxe4 4. Nxe4 Bf5 5. Ng3 Bg6 6. h4 h6 7. Nf3 Nd7 8. Bd3 Bxd3 9. Qxd3 e6 10. Bd2 Ngf6 11. 0-0-0 Qc7 12. Ne4 Nxe4 13. Qxe4 Nf6 14. Qe2 0-0-0 15. Kb1 Bd6 16. c4 Rhe8 17. g3 c5 18. dxc5 Qxc5 19. Be3 Qf5+ 20. Ka1 Bc5 21. Bxc5 Qxc5 22. Ne5 Qc7 23. g4 Rxd1+ 24. Rxd1 Rd8 25. Rxd8+ Kxd8 26. a3 Ke7 27. Qe3 a6 28. Qf4 Ke8 29. Qd4 Ke7 30. f4 Ne8 31. g5 Nd6 32. h5 Nf5 33. Qe4 f6 34. gxf6+ gxf6 35. Ng6+ Kf7 36. Nh4 Ng7 37. Qg6+ Kg8 38. Qxf6 Qxc4 39. Qd8+ Kh7 40. Ng6 Qc1+ 41. Ka2 Qc4+ 42. Ka1 Qc1+ 1/2-1/2

[Event "Titled Tuesday intern op 09th Jan Late"]
[Site "Chess.com INT"]
[Date "2024.01.09"]
[Round "5"]
[White "Bruedigam, Martin"]
[Black "Dilmukhametov, Artur"]
[Result "0-1"]
[WhiteElo "2364"]
[BlackElo "2276"]
[PlyCount "97"]
[EventDate "2024.01.09"]
[EventType "swiss (blitz)"]
[EventRounds "11"]
[EventCountry "USA"]
[SourceTitle "EXT 2025"]
[Source "ChessBase"]
[SourceDate "2024.10.14"]
[SourceVersion "1"]
[SourceVersionDate "2024.10.14"]
[SourceQuality "1"]

1. e4 e6 2. d4 d5 3. Nc3 Bb4 4. e5 c5 5. Qg4 Ne7 6. a3 Ba5 7. dxc5 Bxc3+ 8. bxc3 Nf5 9. Bd3 h5 10. Qh3 g6 11. Nf3 Qc7 12. 0-0 Nd7 13. a4 Nxc5 14. Bxf5 exf5 15. Bg5 Ne4 16. Rad1 Be6 17. Qh4 Nxg5 18. Qxg5 Qe7 19. Qf4 0-0-0 20. Rb1 Kb8 21. Rb3 d4 22. Nxd4 Bxb3 23. cxb3 a6 24. b4 Qc7 25. b5 Qxc3 26. e6+ Ka8 27. Nf3 fxe6 28. bxa6 bxa6 29. h4 Rd5 30. Ng5 Qc6 31. Rb1 Rhd8 32. Nf7 Rd1+ 33. Rxd1 Rxd1+ 34. Kh2 Rd5 35. f3 e5 36. Qh6 Qc7 37. Qf8+ Ka7 38. Qe8 e4+ 39. Kh3 exf3 40. gxf3 Rd3 41. Ne5 Rc3 42. a5 f4 43. Qe6 Qc8 44. Nd7 Rc6 45. Qd5 Ka8 46. Qd4 Rc7 47. Qd5+ Rb7 48. Kg2 Qxd7 49. Qe4 0-1

[Event "Titled Tuesday intern op 09th Jan Late"]
[Site "Chess.com INT"]
[Date "2024.01.09"]
[Round "2"]
[White "Bruedigam, Martin"]
[Black "Szente Varga, Fruzsina"]
[Result "1-0"]
[WhiteElo "2364"]
[BlackElo "2025"]
[PlyCount "85"]
[EventDate "2024.01.09"]
[EventType "swiss (blitz)"]
[EventRounds "11"]
[EventCountry "USA"]
[SourceTitle "EXT 2025"]
[Source "ChessBase"]
[SourceDate "2024.10.14"]
[SourceVersion "1"]
[SourceVersionDate "2024.10.14"]
[SourceQuality "1"]

1. e4 Nf6 2. e5 Nd5 3. d4 d6 4. c4 Nb6 5. exd6 exd6 6. Nf3 Be7 7. h3 0-0 8. Bd3 Nc6 9. 0-0 Bf6 10. Be3 d5 11. c5 Nc4 12. Bxc4 dxc4 13. Nc3 Bf5 14. b3 cxb3 15. axb3 b6 16. Rc1 Nb4 17. Qd2 bxc5 18. dxc5 Qxd2 19. Bxd2 Nd3 20. Rcd1 Nxc5 21. Nd5 Nxb3 22. Bb4 c5 23. Nxf6+ gxf6 24. Ba3 Rfd8 25. g4 Bd3 26. Rfe1 c4 27. Bb2 f5 28. Kh2 fxg4 29. Rg1 f5 30. hxg4 f4 31. g5 a5 32. Rg4 a4 33. Rxf4 a3 34. Bf6 Rdc8 35. g6 hxg6 36. Kg3 a2 37. Rh1 Kf7 38. Ng5+ Ke8 39. Rh7 a1Q 40. Re7+ Kf8 41. Ne6+ Kg8 42. Rg7+ Kh8 43. Rh4# 1-0

[Event "Titled Tuesday intern op 09th Jan Late"]
[Site "Chess.com INT"]
[Date "2024.01.09"]
[Round "3"]
[White "Livaic, Leon"]
[Black "Bruedigam, Martin"]
[Result "1-0"]
[WhiteElo "2557"]
[BlackElo "2364"]
[PlyCount "69"]
[EventDate "2024.01.09"]
[EventType "swiss (blitz)"]
[EventRounds "11"]
[EventCountry "USA"]
[SourceTitle "EXT 2025"]
[Source "ChessBase"]
[SourceDate "2024.10.14"]
[SourceVersion "1"]
[SourceVersionDate "2024.10.14"]
[SourceQuality "1"]

1. e4 c5 2. Nc3 e6 3. f4 a6 4. Nf3 b5 5. d3 Bb7 6. g3 Nc6 7. Bg2 Nge7 8. 0-0 d5 9. f5 exf5 10. Nxd5 Nxd5 11. exd5 Qxd5 12. Bg5 f6 13. Bf4 Be7 14. Kh1 Qd7 15. c4 0-0 16. cxb5 axb5 17. Qb3+ Kh8 18. Qxb5 Ba6 19. Qb3 Qxd3 20. Qe6 Rac8 21. Nh4 Bc4 22. Qe1 Rfe8 23. Rd1 Qe2 24. Qc3 Ba6 25. Nxf5 Nd4 26. Rfe1 Qh5 27. Nxe7 Rxe7 28. Rxe7 Qxd1+ 29. Re1 Qh5 30. Qa5 Be2 31. Qb6 Bf3 32. Qe6 Bxg2+ 33. Kg1 Nf3+ 34. Kf2 Nxe1 35. Qxc8+ 1-0

[Event "Titled Tuesday intern op 09th Jan Late"]
[Site "Chess.com INT"]
[Date "2024.01.09"]
[Round "1"]
[White "Pranav, V."]
[Black "Bruedigam, Martin"]
[Result "1-0"]
[WhiteElo "2611"]
[BlackElo "2364"]
[PlyCount "89"]
[EventDate "2024.01.09"]
[EventType "swiss (blitz)"]
[EventRounds "11"]
[EventCountry "USA"]
[SourceTitle "EXT 2025"]
[Source "ChessBase"]
[SourceDate "2024.10.14"]
[SourceVersion "1"]
[SourceVersionDate "2024.10.14"]
[SourceQuality "1"]

1. e4 c5 2. Nf3 e6 3. d4 cxd4 4. Nxd4 Nc6 5. Nc3 Qc7 6. Be2 a6 7. 0-0 Nf6 8. Be3 Be7 9. f4 d6 10. a4 0-0 11. Kh1 Bd7 12. Qe1 Rac8 13. Qg3 Rfd8 14. Rad1 Bf8 15. Nb3 Be8 16. Qf2 Nd7 17. Qg3 Nc5 18. Nxc5 dxc5 19. e5 Rxd1 20. Rxd1 Rd8 21. Bd3 Ne7 22. Qf2 Nd5 23. Nxd5 exd5 24. b3 b5 25. axb5 axb5 26. h3 d4 27. Bd2 c4 28. Be4 g6 29. Qe1 Bc5 30. Kh2 Bc6 31. Ra1 Qb7 32. Bxc6 Qxc6 33. f5 Re8 34. Bf4 Bd6 35. Qg3 Bf8 36. e6 cxb3 37. cxb3 Qe4 38. Ra7 fxe6 39. f6 Kh8 40. Be5 Rd8 41. f7+ Bg7 42. f8Q+ Rxf8 43. Bxg7+ Kg8 44. Bxf8 d3 45. Bh6 1-0